Reliez l'oeuvre à son courant de peinture - Statistiques

Statistiques générales
  • Ce quiz a été pris 656 fois
  • Le résultat moyen est 13 sur 28
Statistiques - réponses
Hint Extra Hint Réponse % Correct
Guernica - Pablo Picasso Cubisme
73%
La persistance de la mémoire - Salvador Dali Surréalisme
67%
Impression soleil levant - Claude Monet Impressionnisme
66%
Première aquarelle abstraite - Vassily Kandinsky Art Abstrait
65%
Matin, intérieur - Maximilien Luce Pointillisme
64%
Violon et Bougie - Georges Braques Cubisme
62%
Still life with peppers - Ralph Goings Hyperréalisme
59%
Golconde - René Magritte Surréalisme
59%
Le petit déjeuner - Juan Gris Cubisme
58%
Big Self-Portrait - Chuck Close Hyperréalisme
54%
Louis XIV - Hyacinthe Rigaud Classicisme
52%
Les glaneuses - Jean-François Milet Réalisme
52%
Composition en rouge, jeune, bleu et noir - Piet Mondrian Art Abstrait
48%
L’Estaque - André Derain Fauvisme
48%
Le Voyageur contemplant une mer de nuages - Caspar David Friedrich Romantisme
48%
Le déjeuner des Canotiers - Auguste Renoir Impressionnisme
45%
Le Cirque - Georges Seurat Pointillisme
45%
La Danse - Henri Matisse Fauvisme
44%
Le Cri - Edvard Munch Expressionnisme
41%
Les Ménines - Diego Velasquez Baroque
37%
Le jugement de Pâris - Claude Lorrain Classicisme
37%
La ronde de nuit - Rembrandt Baroque
34%
La liberté guidant le peuple - Eugène Delacroix Romantisme
33%
Les Hasards heureux de l’escarpolette - Jean-Honoré Fragonard Rococo
32%
L’Odalisque - François Boucher Rococo
26%
La nuit étoilée - Vincent Van Gogh Expressionnisme
25%
Le Désespéré - Gustave Courbet Romantisme
20%
Le déjeuner sur l’herbe - Édouard Manet Réalisme
14%
Aucun quiz correspondant
Distribution des résultats
% des personnes avec chaque résultat
Percentile par nombre de réponses
Votre historique - résultats
Vous n’avez pas pris ce quiz